The economic activities of the League of Arab States; (Record no. 45969)

MARC details
000 -LEADER
fixed length control field 00607cam a22002171 4500
001 - CONTROL NUMBER
control field ne 63001171
003 - CONTROL NUMBER IDENTIFIER
control field DLC
005 - DATE AND TIME OF LATEST TRANSACTION
control field 20260227111746.0
008 - FIXED-LENGTH DATA ELEMENTS--GENERAL INFORMATION
fixed length control field 820513q19601963xx 000 0 eng
010 ## - LIBRARY OF CONGRESS CONTROL NUMBER
LC control number ne 63001171
035 ## - SYSTEM CONTROL NUMBER
System control number (OCoLC)16762031
040 ## - CATALOGING SOURCE
Original cataloging agency DLC
Transcribing agency OrPS
Modifying agency DLC
042 ## - AUTHENTICATION CODE
Authentication code premarc
050 00 - LIBRARY OF CONGRESS CALL NUMBER
Classification number HC498
Item number .A54
110 2# - MAIN ENTRY--CORPORATE NAME
Corporate name or jurisdiction name as entry element League of Arab States.
Subordinate unit al-Idārah al-Iqtiṣādīyah.
245 14 - TITLE STATEMENT
Title The economic activities of the League of Arab States;
260 ## - PUBLICATION, DISTRIBUTION, ETC.
Place of publication, distribution, etc. [n. p.,
Date of publication, distribution, etc. 196-]
300 ## - PHYSICAL DESCRIPTION
Extent 21 l.
Dimensions 29 cm.
651 #0 - SUBJECT ADDED ENTRY--GEOGRAPHIC NAME
Geographic name Arab countries
General subdivision Economic conditions.
700 1# - ADDED ENTRY--PERSONAL NAME
Personal name Zaher, Aref.

No items available.

Powered by Koha